000 00629cam a22002053a 4500
001 41873
003 PGUSA
005 20140828083938.0
008 130119s2013||||xxu|||||s|||||000 | eng d
040 _aPGUSA
_beng
042 _adc
100 1 _aSanger, William W.
245 1 4 _aThe History of Prostitution :
_bIts Extent, Causes, and Effects throughout the World
_h[electronic resource] /
_cWilliam W. Sanger
260 _bProject Gutenberg,
_c2013
506 _aPublic domain in the USA.
516 _aElectronic text
830 0 _aProject Gutenberg
_v41873
856 4 0 _uhttp://www.gutenberg.org/ebooks/41873
942 _cEB
999 _c271125
_d271125